[Event "CHN-ch Gp-B (Women)"]
[Site "Liaocheng"]
[Date "2024.04.25"]
[Round "9"]
[White "Zhou, Shumeng"]
[Black "Jiang, Tianyu"]
[Result "0-1"]
[WhiteElo "1800"]
[BlackElo "1929"]
[PlyCount "136"]
[EventDate "2024.04.21"]
[EventType "swiss"]
[EventRounds "11"]
[EventCountry "CHN"]
[SourceTitle "CB18_2024"]
[SourceDate "2024.05.01"]
[SourceVersion "1"]
[SourceVersionDate "2024.05.01"]
[SourceQuality "2"]

1. e4 c5 2. Nf3 e6 3. c4 Nc6 4. d4 cxd4 5. Nxd4 Nf6 6. Nc3 Bb4 7. Nxc6 bxc6 8. Bd3 e5 9. 0-0 0-0 10. Qc2 Qe7 11. Na4 d5 12. Bg5 d4 13. a3 Bd6 14. c5 Bc7 15. b4 Be6 16. Rae1 h6 17. Bd2 Rfb8 18. Rb1 Qe8 19. Nb2 Nh5 20. Nc4 Nf4 21. Bxf4 exf4 22. f3 a5 23. Rb2 axb4 24. axb4 Bxc4 25. Qxc4 Ra3 26. Rfb1 Rc3 27. Qa6 Be5 28. Ra2 Qe6 29. Raa1 Kh7 30. Ra3 Qd7 31. Rab3 Qe6 32. Ra3 h5 33. Kf1 Qd7 34. Rab3 Qc7 35. Ke2 Rb7 36. Rxc3 dxc3 37. Qc4 Qd8 38. Rd1 Rd7 39. b5 Qh4 40. bxc6 Bd4 41. Rf1 Qxh2 42. e5+ g6 43. Kd1 Qxg2 44. Be2 c2+ 45. Kxc2 Ra7 46. Rd1 Bxe5 47. Rd7 Ra3 48. Qxf7+ Kh6 49. Qf8+ Kg5 50. Qe7+ Bf6 51. Rd5+ Kh6 52. Qf8+ Bg7 53. Qxf4+ Kh7 54. Qe4 Rc3+ 55. Kd2 Qh1 56. Bd1 Qh2+ 57. Be2 Qh1 58. Bd1 Ra3 59. Kc1 Ra1+ 60. Kc2 Qh2+ 61. Be2 Ra2+ 62. Kd3 Qh1 63. Ke3 Ra3+ 64. Rd3 Qg1+ 65. Kf4 Ra8 66. Qe7 Ra4+ 67. Qe4 Rxe4+ 68. Kxe4 Qxc5 0-1

[Event "CHN-chT (Women)"]
[Site "Qingdao"]
[Date "2024.04.10"]
[Round "9.1"]
[White "Hu, Yi"]
[Black "Jiang, Tianyu"]
[Result "1/2-1/2"]
[WhiteElo "2012"]
[BlackElo "1929"]
[PlyCount "131"]
[EventDate "2024.04.02"]
[EventType "team-swiss"]
[EventRounds "9"]
[EventCountry "CHN"]
[SourceTitle "CB16_2024"]
[SourceDate "2024.04.17"]
[SourceVersion "1"]
[SourceVersionDate "2024.04.17"]
[SourceQuality "1"]
[WhiteTeam "Qingdao (W)"]
[BlackTeam "Shenzhen (W)"]
[WhiteTeamCountry "CHN"]
[BlackTeamCountry "CHN"]

1. e4 c5 2. Nf3 e6 3. d4 cxd4 4. Nxd4 Nc6 5. Nc3 Qc7 6. Be3 a6 7. Be2 Nf6 8. 0-0 Be7 9. f4 d6 10. Qe1 0-0 11. Qg3 Nxd4 12. Bxd4 b5 13. a3 Bb7 14. Bd3 Rae8 15. Rae1 e5 16. fxe5 dxe5 17. Kh1 Bd8 18. Be3 Kh8 19. Rf5 Bc8 20. Rff1 Be6 21. Bg5 Nh5 22. Qh4 Nf4 23. Rf3 Bxg5 24. Qxg5 Rd8 25. Rd1 f6 26. Qg3 Qb7 27. h3 Rd7 28. Qe1 Rfd8 29. Qf1 Rd4 30. Re3 R4d6 31. Ne2 Ng6 32. Ng3 R6d7 33. Nh5 Kg8 34. Ra1 Qb6 35. Rg3 Qd4 36. b3 Qc5 37. Kh2 Rd6 38. Qe2 Bf7 39. Qd2 Qd4 40. Rf1 Kh8 41. Qa5 Qc5 42. Rd1 Qc8 43. a4 Qb8 44. axb5 axb5 45. Ra1 b4 46. Ra4 Rb6 47. Qa7 Rb7 48. Qf2 Be8 49. Ra6 Nf4 50. Nxf4 exf4 51. Rf3 Bh5 52. g4 fxg3+ 53. Rxg3 Bg6 54. Bc4 Qe5 55. Bd5 Rc7 56. Re6 Qb2 57. Rg2 Rf8 58. Bc4 Qc1 59. Rg1 Qh6 60. Rb6 Bxe4 61. Rxb4 Rd7 62. Be2 Bxc2 63. Qc5 Re8 64. Qxc2 Qd2 65. Re4 Qd6+ 66. Rg3 1/2-1/2

[Event "CHN-chT (Women)"]
[Site "Qingdao"]
[Date "2024.04.08"]
[Round "7.1"]
[White "Jiang, Tianyu"]
[Black "Chu, Ruotong"]
[Result "1-0"]
[WhiteElo "1929"]
[BlackElo "2124"]
[PlyCount "57"]
[EventDate "2024.04.02"]
[EventType "team-swiss"]
[EventRounds "9"]
[EventCountry "CHN"]
[SourceTitle "CB16_2024"]
[SourceDate "2024.04.17"]
[SourceVersion "1"]
[SourceVersionDate "2024.04.17"]
[SourceQuality "1"]
[WhiteTeam "Shenzhen (W)"]
[BlackTeam "Chengdu (W)"]
[WhiteTeamCountry "CHN"]
[BlackTeamCountry "CHN"]

1. e4 d6 2. d4 Nf6 3. Nc3 g6 4. Be3 Bg7 5. Qd2 0-0 6. 0-0-0 c6 7. f3 b5 8. h4 Qa5 9. h5 b4 10. Nb1 Qxa2 11. Bh6 Rd8 12. Bxg7 Kxg7 13. hxg6 fxg6 14. Qh6+ Kg8 15. b3 Qa5 16. e5 dxe5 17. Bc4+ e6 18. Nh3 exd4 19. Ng5 Qf5 20. Nxh7 Nh5 21. Ng5 Qf6 22. Rxh5 Qf4+ 23. Nd2 gxh5 24. Qg6+ Kf8 25. Qh6+ Kg8 26. Bd3 Rd7 27. Bh7+ Kh8 28. Bf5+ Kg8 29. Bxe6+ 1-0

[Event "CHN-chT (Women)"]
[Site "Qingdao"]
[Date "2024.04.03"]
[Round "2.1"]
[White "Wang, Yu A"]
[Black "Jiang, Tianyu"]
[Result "1-0"]
[WhiteElo "2228"]
[BlackElo "1929"]
[PlyCount "71"]
[EventDate "2024.04.02"]
[EventType "team-swiss"]
[EventRounds "9"]
[EventCountry "CHN"]
[SourceTitle "CB16_2024"]
[SourceDate "2024.04.17"]
[SourceVersion "1"]
[SourceVersionDate "2024.04.17"]
[SourceQuality "1"]
[WhiteTeam "Beijing (W)"]
[BlackTeam "Shenzhen (W)"]
[WhiteTeamCountry "CHN"]
[BlackTeamCountry "CHN"]

1. d4 d5 2. Nc3 Nf6 3. Bg5 h6 4. Bxf6 exf6 5. e3 c6 6. Bd3 Bd6 7. Nge2 f5 8. Nf4 Qb6 9. Na4 Qa5+ 10. c3 b5 11. Nc5 Bxc5 12. dxc5 b4 13. a3 bxc3 14. b4 Qc7 15. Qc1 Qe5 16. Ne2 a5 17. 0-0 0-0 18. Qxc3 Qxc3 19. Nxc3 Na6 20. Rfb1 Rb8 21. Bxa6 Bxa6 22. bxa5 Bd3 23. Rb6 Rfc8 24. Na2 Bb5 25. a4 Bxa4 26. Nb4 Bb5 27. a6 Kf8 28. a7 Ra8 29. Nxd5 Rd8 30. h4 cxd5 31. Rxb5 Ke7 32. Rb7+ Kf8 33. c6 Rdc8 34. Ra5 g6 35. Rxd5 Rxc6 36. Rdd7 1-0

[Event "CHN-ch U14 Girls"]
[Site "Shanghai"]
[Date "2024.02.18"]
[Round "5"]
[White "Zhao, Yunqing"]
[Black "Jiang, Tianyu"]
[Result "1-0"]
[WhiteElo "1870"]
[BlackElo "1923"]
[PlyCount "139"]
[EventDate "2024.02.16"]
[EventType "swiss"]
[EventRounds "11"]
[EventCountry "CHN"]
[SourceTitle "CB09_2024"]
[SourceDate "2024.02.28"]
[SourceVersion "1"]
[SourceVersionDate "2024.02.28"]
[SourceQuality "1"]

1. d4 d5 2. Nf3 Nf6 3. c4 e6 4. g3 dxc4 5. Bg2 Be7 6. 0-0 0-0 7. Qc2 a6 8. a4 Bd7 9. Qxc4 Bc6 10. Bg5 Bd5 11. Qd3 Be4 12. Qe3 Nbd7 13. Nc3 Bc6 14. Qd3 h6 15. Bxf6 Nxf6 16. e4 b6 17. Ne5 Bb7 18. Rfd1 c5 19. d5 exd5 20. exd5 Bd6 21. Nc4 Qc7 22. Re1 Rfe8 23. Rad1 Rad8 24. f4 Bc8 25. b3 Qb8 26. Bf3 Qc7 27. Ne4 Nxe4 28. Bxe4 Qb8 29. Bh7+ Kh8 30. Bf5 Rf8 31. Bxc8 Rxc8 32. Nxd6 Qxd6 33. Qxa6 Rce8 34. Qc4 h5 35. Re4 h4 36. Rde1 Rxe4 37. Qxe4 Rd8 38. Rd1 Kg8 39. Kf2 Qd7 40. Kg2 Re8 41. Qf3 Qd6 42. g4 Rc8 43. Qe4 Rd8 44. Kh3 Qf6 45. Qe5 Qg6 46. Qg5 Qd6 47. Qe5 Qg6 48. f5 Qg5 49. d6 Rd7 50. Qe8+ Kh7 51. Qe4 Qf6 52. Qd3 Qe5 53. Rd2 Qf6 54. Kg2 Qg5 55. Kf3 Qf6 56. Ke4 Qg5 57. Kd5 Qd8 58. Kc4 Qa8 59. Kc3 Qa5+ 60. Kc2 Qb4 61. g5 Qg4 62. g6+ fxg6 63. fxg6+ Qxg6 64. Kc3 Kh6 65. Qxg6+ Kxg6 66. Kc4 Kf5 67. Kd5 g5 68. Kc6 Rd8 69. Kc7 Rg8 70. d7 1-0

[Event "CHN-ch U14 Girls"]
[Site "Shanghai"]
[Date "2024.02.17"]
[Round "3"]
[White "Li, Jinyang1"]
[Black "Jiang, Tianyu"]
[Result "0-1"]
[WhiteElo "1526"]
[BlackElo "1923"]
[PlyCount "44"]
[EventDate "2024.02.16"]
[EventType "swiss"]
[EventRounds "11"]
[EventCountry "CHN"]
[SourceTitle "CB09_2024"]
[SourceDate "2024.02.28"]
[SourceVersion "1"]
[SourceVersionDate "2024.02.28"]
[SourceQuality "1"]

1. e4 c5 2. Nf3 e6 3. d4 cxd4 4. Nxd4 a6 5. Nc3 b5 6. a3 Bb7 7. Bd3 Nc6 8. Nxc6 Bxc6 9. 0-0 Bc5 10. Bf4 Ne7 11. Qd2 0-0 12. Rad1 b4 13. Ne2 a5 14. axb4 axb4 15. Be3 Qb6 16. Bxc5 Qxc5 17. Ra1 Ng6 18. Ng3 h5 19. Rfc1 h4 20. Nf1 Qd4 21. c3 bxc3 22. bxc3 Qe5 0-1

[Event "CHN-ch U14 Girls"]
[Site "Shenzhen"]
[Date "2023.08.01"]
[Round "10"]
[White "Jiang, Tianyu"]
[Black "Zhang, Yingying"]
[Result "1/2-1/2"]
[WhiteElo "1923"]
[BlackElo "1584"]
[PlyCount "66"]
[EventDate "2023.07.28"]
[EventType "swiss"]
[EventRounds "11"]
[EventCountry "CHN"]
[SourceTitle "CBM 215 Extra"]
[Source "ChessBase"]
[SourceDate "2023.09.30"]
[SourceVersion "1"]
[SourceVersionDate "2023.09.30"]
[SourceQuality "1"]

1. e4 c5 2. Nf3 Nc6 3. Bb5 e5 4. 0-0 Bd6 5. c3 a6 6. Ba4 b5 7. Bc2 Nf6 8. d4 cxd4 9. cxd4 0-0 10. dxe5 Bxe5 11. Nxe5 Nxe5 12. Bg5 h6 13. Bh4 Qb6 14. Kh1 Bb7 15. Nc3 Rac8 16. Bxf6 Qxf6 17. Bb3 Nc4 18. Qxd7 Bc6 19. Qg4 Nxb2 20. Nd5 Bxd5 21. Bxd5 Nd3 22. Qg3 Nf4 23. Bb3 a5 24. Rae1 a4 25. Bd1 Qe5 26. Qg4 Qg5 27. g3 Qxg4 28. Bxg4 Ne6 29. Rb1 Rc5 30. Rb4 Rb8 31. Rfb1 Rc2 32. Rxb5 Rxb5 33. Rxb5 Rxf2 1/2-1/2

[Event "CHN-ch U14 Girls"]
[Site "Shenzhen"]
[Date "2023.07.28"]
[Round "2"]
[White "Jiang, Tianyu"]
[Black "Wang, Hanchen"]
[Result "1-0"]
[WhiteElo "1923"]
[BlackElo "1446"]
[PlyCount "77"]
[EventDate "2023.07.28"]
[EventType "swiss"]
[EventRounds "11"]
[EventCountry "CHN"]
[SourceTitle "CBM 215 Extra"]
[Source "ChessBase"]
[SourceDate "2023.09.30"]
[SourceVersion "1"]
[SourceVersionDate "2023.09.30"]
[SourceQuality "1"]

1. e4 c5 2. Nf3 Nc6 3. Bb5 g6 4. 0-0 Bg7 5. d3 Nf6 6. Nc3 d6 7. e5 dxe5 8. Nxe5 Bd7 9. Bxc6 Bxc6 10. Nxc6 bxc6 11. Rb1 0-0 12. Na4 c4 13. dxc4 Qa5 14. b3 Ne4 15. Qe2 Nc3 16. Qe1 Qe5 17. Nxc3 Qxc3 18. Qxc3 Bxc3 19. Ba3 Rfd8 20. Rfd1 e5 21. Be7 Rxd1+ 22. Rxd1 Bd4 23. Rd3 Re8 24. Bd6 c5 25. c3 e4 26. Rd1 Bxc3 27. Bxc5 a5 28. Kf1 Rb8 29. Ke2 a4 30. b4 Kg7 31. Rc1 Be5 32. b5 f5 33. g3 f4 34. gxf4 Bxf4 35. Be3 Be5 36. b6 Kf7 37. c5 Rc8 38. c6 Ke6 39. c7 1-0

[Event "CHN-ch sf (Women)"]
[Site "Hefei"]
[Date "2023.04.27"]
[Round "9"]
[White "Wu, Shuang1111"]
[Black "Jiang, Tianyu"]
[Result "0-1"]
[WhiteElo "1586"]
[BlackElo "1708"]
[PlyCount "82"]
[EventDate "2023.04.23"]
[EventType "swiss"]
[EventRounds "11"]
[EventCountry "CHN"]
[SourceTitle "CBM 214 Extra"]
[Source "ChessBase"]
[SourceDate "2023.07.31"]
[SourceVersion "1"]
[SourceVersionDate "2023.07.31"]
[SourceQuality "1"]

1. d4 d5 2. Nf3 Nf6 3. e3 c5 4. b3 Nc6 5. Bb2 Bg4 6. Be2 e6 7. Nbd2 Bd6 8. 0-0 0-0 9. Ne5 Bf5 10. c4 cxd4 11. exd4 Rc8 12. f4 Ne4 13. Nxe4 Bxe4 14. Bf3 f5 15. c5 Be7 16. Qd2 Nxe5 17. fxe5 g5 18. Qe2 Bxf3 19. Qxf3 Qe8 20. a4 Qg6 21. Bc1 f4 22. Qe2 Rf7 23. g3 fxg3 24. hxg3 Rxf1+ 25. Kxf1 Rf8+ 26. Kg1 Qf5 27. Kg2 Kg7 28. Ba3 Qg6 29. Rh1 g4 30. Bc1 Rf3 31. b4 h5 32. Rf1 Rb3 33. b5 Rb4 34. Be3 Rxa4 35. Rc1 Qe4+ 36. Kf2 Bd8 37. c6 bxc6 38. bxc6 Bc7 39. Rc2 Ra1 40. Rc1 Ra3 41. Rc2 Rxe3 0-1

[Event "CHN-ch sf (Women)"]
[Site "Hefei"]
[Date "2023.04.26"]
[Round "7"]
[White "Jiang, Tianyu"]
[Black "Bai, Xue"]
[Result "1/2-1/2"]
[WhiteElo "1708"]
[BlackElo "2120"]
[PlyCount "137"]
[EventDate "2023.04.23"]
[EventType "swiss"]
[EventRounds "11"]
[EventCountry "CHN"]
[SourceTitle "CBM 214 Extra"]
[Source "ChessBase"]
[SourceDate "2023.07.31"]
[SourceVersion "1"]
[SourceVersionDate "2023.07.31"]
[SourceQuality "1"]

1. e4 e5 2. Nf3 Nc6 3. Nc3 Nf6 4. Bb5 Bc5 5. 0-0 d6 6. d4 exd4 7. Nxd4 Bd7 8. Nf5 Bxf5 9. exf5 Qd7 10. Re1+ Kd8 11. Bxc6 bxc6 12. Qf3 d5 13. Bg5 h6 14. Bxf6+ gxf6 15. Rad1 Bd6 16. Na4 Rg8 17. c4 Rb8 18. b3 Rg5 19. cxd5 c5 20. Qe3 Rb5 21. Nc3 Ra5 22. Ne4 Rxf5 23. Qxh6 Be5 24. Qf8+ Qe8 25. Qxe8+ Kxe8 26. Ng3 Rf4 27. Nh5 Rh4 28. Nxf6+ Ke7 29. Rxe5+ Kxf6 30. Re2 Rd4 31. Red2 Rxa2 32. Rxd4 cxd4 33. f4 Rb2 34. Rxd4 Rxb3 35. Ra4 Kf5 36. Rxa7 Kxf4 37. Rxc7 Rb1+ 38. Kf2 Rb2+ 39. Kf1 Rb1+ 40. Ke2 Rb2+ 41. Kd3 Rxg2 42. Kd4 Rd2+ 43. Kc5 Ke5 44. Re7+ Kf6 45. d6 Rxh2 46. Re4 Rc2+ 47. Kd5 Rd2+ 48. Kc6 Kf5 49. Re1 Kf4 50. Kd7 f5 51. Ke6 Kg4 52. Rg1+ Kf3 53. Rf1+ Kg4 54. Rg1+ Kf3 55. Rg5 f4 56. Rd5 Rxd5 57. Kxd5 Kg2 58. d7 f3 59. d8Q f2 60. Qg5+ Kh1 61. Qf4 Kg1 62. Qg3+ Kh1 63. Qf3+ Kg1 64. Qe3 Kh1 65. Qc1+ Kg2 66. Qd2 Kg1 67. Qe3 Kh1 68. Qe2 Kg1 69. Ke4 1/2-1/2

[Event "CHN-ch sf (Women)"]
[Site "Hefei"]
[Date "2023.04.26"]
[Round "8"]
[White "Jiang, Tianyu"]
[Black "Zhao, Yunqing"]
[Result "1-0"]
[WhiteElo "1708"]
[BlackElo "1616"]
[PlyCount "85"]
[EventDate "2023.04.23"]
[EventType "swiss"]
[EventRounds "11"]
[EventCountry "CHN"]
[SourceTitle "CBM 214 Extra"]
[Source "ChessBase"]
[SourceDate "2023.07.31"]
[SourceVersion "1"]
[SourceVersionDate "2023.07.31"]
[SourceQuality "1"]

1. e4 c5 2. Nc3 Nc6 3. Bb5 Nd4 4. Bc4 g6 5. Nf3 Bg7 6. Nxd4 cxd4 7. Qf3 e6 8. Nb5 Be5 9. c3 dxc3 10. d4 a6 11. dxe5 axb5 12. Bb3 f5 13. exf5 cxb2 14. Bxb2 gxf5 15. Qh5+ Kf8 16. Bc3 Qe7 17. 0-0 Qf7 18. Bb4+ Ne7 19. Qh6+ Ke8 20. Bd1 b6 21. Bf3 Ra7 22. Rac1 Ba6 23. Bh5 Ng6 24. Qe3 Qg7 25. Qxb6 Ra8 26. Qd6 Qf8 27. Qd4 Qh6 28. Bf3 Rd8 29. Ba5 Nh4 30. Bxd8 Nxf3+ 31. gxf3 Rg8+ 32. Kh1 Bb7 33. h4 Bxf3+ 34. Kh2 Rg4 35. Rc8 Rxd4 36. Bg5+ Kf7 37. Bxh6 Bb7 38. Rc3 Rxh4+ 39. Rh3 Rg4 40. Rg1 Kg6 41. Rxg4+ fxg4 42. Rh4 Bf3 43. Kg3 1-0

[Event "China zt 3.5 (Women)"]
[Site "Shenzhen"]
[Date "2023.04.10"]
[Round "6"]
[White "Lu, Miaoyi"]
[Black "Jiang, Tianyu"]
[Result "0-1"]
[WhiteElo "2305"]
[BlackElo "1708"]
[PlyCount "134"]
[EventDate "2023.04.05"]
[EventType "swiss"]
[EventRounds "9"]
[EventCountry "CHN"]
[SourceTitle "CBM 213 Extra"]
[Source "ChessBase"]
[SourceDate "2023.05.31"]
[SourceVersion "1"]
[SourceVersionDate "2023.05.31"]
[SourceQuality "1"]

1. e4 e5 2. Bc4 Nf6 3. d4 exd4 4. Nf3 Bb4+ 5. c3 dxc3 6. bxc3 d5 7. exd5 Bd6 8. 0-0 0-0 9. Bg5 Bg4 10. Nbd2 Nbd7 11. Qc2 h6 12. Bh4 Be7 13. Rfe1 Nxd5 14. Rxe7 Nxe7 15. Qe4 Bxf3 16. Nxf3 Re8 17. Rd1 Nf6 18. Qb1 Qc8 19. Ne5 Qf5 20. Bxf7+ Kf8 21. Qxf5 Nxf5 22. Bxf6 gxf6 23. Bxe8 Rxe8 24. Ng6+ Kf7 25. Nf4 Re4 26. g3 Rc4 27. Rd7+ Ke8 28. Rd3 Kf7 29. Rf3 Nd6 30. Nd5 f5 31. Kg2 Ke6 32. Nf4+ Kf6 33. h3 c6 34. g4 fxg4 35. hxg4 Kg5 36. Nh3+ Kxg4 37. Rf6 Nb5 38. f3+ Kh5 39. Kg3 Nxc3 40. Re6 Nd5 41. Nf2 Rc2 42. a4 Nc3 43. Nh3 Nd5 44. a5 b5 45. axb6 axb6 46. Nf2 b5 47. Nd3 b4 48. Re1 Kg5 49. Rb1 c5 50. Re1 Kf6 51. Re5 Ne7 52. Rxc5 Rxc5 53. Nxc5 Kf5 54. Nb3 Nc6 55. f4 Ne7 56. Kf3 Nc6 57. Kg3 Nd8 58. Nd4+ Ke4 59. Ne2 Ne6 60. Kg4 h5+ 61. Kg3 Nd4 62. Nc1 Ke3 63. f5 Nxf5+ 64. Kh3 Kd2 65. Nb3+ Kc3 66. Nc5 b3 67. Ne4+ Kc2 0-1

[Event "China zt 3.5 (Women)"]
[Site "Shenzhen"]
[Date "2023.04.07"]
[Round "3"]
[White "Jiang, Tianyu"]
[Black "Ren, Xiaoyi"]
[Result "1/2-1/2"]
[WhiteElo "1708"]
[BlackElo "2156"]
[PlyCount "64"]
[EventDate "2023.04.05"]
[EventType "swiss"]
[EventRounds "9"]
[EventCountry "CHN"]
[SourceTitle "CBM 213 Extra"]
[Source "ChessBase"]
[SourceDate "2023.05.31"]
[SourceVersion "1"]
[SourceVersionDate "2023.05.31"]
[SourceQuality "1"]

1. e4 e5 2. Nf3 Nf6 3. Nxe5 d6 4. Nf3 Nxe4 5. Nc3 Nxc3 6. dxc3 Be7 7. Bc4 Nc6 8. Be3 Be6 9. Bxe6 fxe6 10. h4 Qd7 11. Ng5 Bxg5 12. hxg5 0-0-0 13. Qd3 d5 14. 0-0-0 e5 15. Rh4 a6 16. Rdh1 g6 17. Bc5 Kb8 18. Qh3 b6 19. Be3 Qd6 20. Qg3 Rd7 21. Kb1 Rf7 22. f4 Rhf8 23. fxe5 Rf1+ 24. Bc1 Nxe5 25. Rxh7 d4 26. cxd4 Qxd4 27. Qc3 Qd6 28. a3 R8f7 29. Rh8+ Kb7 30. Ka2 Qd5+ 31. Qb3 Nc4 32. Qd3 Qxd3 1/2-1/2

[Event "CHN-chT (Women)"]
[Site "Nanjing"]
[Date "2023.02.18"]
[Round "5.2"]
[White "Yan, Tianqi"]
[Black "Jiang, Tianyu"]
[Result "1/2-1/2"]
[WhiteElo "2186"]
[BlackElo "1502"]
[PlyCount "76"]
[EventDate "2023.02.14"]
[EventType "team-swiss"]
[EventRounds "9"]
[EventCountry "CHN"]
[SourceTitle "CBM 212 Extra"]
[Source "ChessBase"]
[SourceDate "2023.03.31"]
[SourceVersion "1"]
[SourceVersionDate "2023.03.31"]
[SourceQuality "1"]
[WhiteTeam "Hangzhou (W)"]
[BlackTeam "Shenzhen (W)"]
[WhiteTeamCountry "CHN"]
[BlackTeamCountry "CHN"]

1. e4 c5 2. Nf3 e6 3. d4 cxd4 4. Nxd4 Nf6 5. Nc3 Nc6 6. Nxc6 bxc6 7. e5 Nd5 8. Ne4 Bb7 9. c4 Nb4 10. Bd2 c5 11. Bxb4 Bxe4 12. Bc3 Be7 13. Bd3 Bxd3 14. Qxd3 a5 15. 0-0-0 Ra7 16. h4 0-0 17. h5 h6 18. Rh3 f6 19. Rg3 f5 20. f4 Rf7 21. Rg6 Qa8 22. Re1 Kh8 23. Bd2 Bf8 24. Qh3 Rb7 25. g4 Qb8 26. Bc3 fxg4 27. Qxg4 Be7 28. Rg1 Qf8 29. Qg2 Rb8 30. Bd2 a4 31. f5 exf5 32. Bf4 Re8 33. Qd2 Bd8 34. Qc3 Re6 35. Qg3 Re8 36. Qc3 Re6 37. Qg3 Re8 38. Qc3 Re6 1/2-1/2

[Event "CHN-chT (Women)"]
[Site "Nanjing"]
[Date "2023.02.14"]
[Round "1.2"]
[White "Jiang, Tianyu"]
[Black "Wang, Chuqiao"]
[Result "1-0"]
[WhiteElo "1502"]
[BlackElo "2083"]
[PlyCount "91"]
[EventDate "2023.02.14"]
[EventType "team-swiss"]
[EventRounds "9"]
[EventCountry "CHN"]
[SourceTitle "CBM 212 Extra"]
[Source "ChessBase"]
[SourceDate "2023.03.31"]
[SourceVersion "1"]
[SourceVersionDate "2023.03.31"]
[SourceQuality "1"]
[WhiteTeam "Shenzhen (W)"]
[BlackTeam "Chongqing (W)"]
[WhiteTeamCountry "CHN"]
[BlackTeamCountry "CHN"]

1. e4 e5 2. Nc3 Nc6 3. Bc4 Nf6 4. d3 Na5 5. Qf3 Nxc4 6. dxc4 h6 7. Nge2 d6 8. h3 Be6 9. b3 c6 10. 0-0 g5 11. Ng3 g4 12. hxg4 Nxg4 13. Nf5 Bxf5 14. exf5 Qh4 15. Re1 Be7 16. g3 Qh2+ 17. Kf1 Qh3+ 18. Kg1 Rg8 19. Nd1 Bh4 20. Qg2 Nxf2 21. Nxf2 Qxg3 22. Qxg3 Rxg3+ 23. Kf1 Ke7 24. Ke2 Rg2 25. Be3 Rag8 26. Rh1 Bg5 27. Rag1 Rxg1 28. Rxg1 d5 29. Bc5+ Kf6 30. Ng4+ Kg7 31. f6+ Kh7 32. Nxe5 dxc4 33. bxc4 Bxf6 34. Nxf7 Re8+ 35. Kf3 b6 36. Bd6 Bd4 37. Rg4 c5 38. Re4 Rg8 39. Re6 Rg1 40. Nxh6 Rf1+ 41. Kg4 Rf2 42. Kg5 Rxc2 43. Re7+ Kh8 44. Rxa7 Rd2 45. Bg3 Be3+ 46. Kg6 1-0

[Event "CHN-chT Div-B"]
[Site "Hainan"]
[Date "2023.02.11"]
[Round "9"]
[White "Jiang, Tianyu"]
[Black "Du, Yuxin"]
[Result "0-1"]
[WhiteElo "1502"]
[BlackElo "2007"]
[PlyCount "98"]
[EventDate "2023.02.06"]
[EventType "team-tourn"]
[EventRounds "9"]
[EventCountry "CHN"]
[SourceTitle "CBM 213 Extra"]
[Source "ChessBase"]
[SourceDate "2023.05.31"]
[SourceVersion "1"]
[SourceVersionDate "2023.05.31"]
[SourceQuality "1"]
[WhiteTeam "Shenzhen Yinsheng CA"]
[BlackTeam "Hangzhou Chess Assoc"]
[WhiteTeamCountry "CHN"]
[BlackTeamCountry "CHN"]

1. e4 c6 2. d4 d5 3. exd5 cxd5 4. Bd3 Nc6 5. c3 Qc7 6. Ne2 e6 7. Bf4 Bd6 8. Bxd6 Qxd6 9. Nd2 Nge7 10. 0-0 0-0 11. f4 f6 12. Nf3 Bd7 13. Qd2 Be8 14. Rae1 Bg6 15. Nc1 Rae8 16. Qe2 Nc8 17. Bxg6 hxg6 18. Nh4 Kf7 19. Nd3 N8e7 20. Ne5+ Nxe5 21. fxe5 Qa6 22. exf6 gxf6 23. Qxa6 bxa6 24. Nf3 Nf5 25. g4 Nh6 26. Ng5+ Kg8 27. Nxe6 Rf7 28. Nf4 Rd8 29. h3 g5 30. Nd3 Rd6 31. Nc5 Rb6 32. Rf2 Kg7 33. Re8 Kg6 34. Rfe2 f5 35. Rg8+ Nxg8 36. Nd3 Re7 37. Ne5+ Kf6 38. gxf5 Nh6 39. Rf2 Nxf5 40. Kh2 Rxe5 41. dxe5+ Kxe5 42. Kg2 Ke4 43. Kh2 Rf6 44. Rg2 Nh4 45. Rg3 Rf2+ 46. Kg1 Rxb2 47. Kf1 Nf3 48. h4 Ke3 49. hxg5 Rf2# 0-1